000 00743nam a22002292 4500
001 0000024407
005 20151217152301.0
008 130911s xx 000 0 eng d
020 _a0071402543 :
040 _aKABU
_cKABU
245 1 0 _aSurgery on call /
_cedited by Alan T. Lefor, Leonard G. Gomella.
250 _a4th ed.
260 _aNew York :
_bLange Medical,
_c2006.
300 _axv, 566 p.
650 0 _aSurgicall emergencies
_vHandbooks, manuals, etc.
_@0000184492
650 0 _aEmergencies
_vHandbooks, manuals, etc.
_@0000184493
700 1 _aLefor, Alan T.
_@0000184494
700 1 _aGomella, Leonard G.
_@0000184495
852 1 _9p4025 KES
908 _a130911
950 _@1
999 _c10260
_d10260